书目信息 |
| 题名: |
化验员必读
|
|
| 作者: | 刘珍 主编 | |
| 分册: | 上册 | |
| 出版信息: | 北京 化学工业出版社 |
|
| 页数: | 439页 | |
| 开本: | 20cm | |
| 丛书名: | ||
| 单 册: | ||
| 中图分类: | O652 | |
| 科图分类: | ||
| 主题词: | 分析化学 , 分析(化学) | |
| 电子资源: | ||
| ISBN: | 7-5025-1251-9 | |
| 000 | 00623nam0 2200229 450 | |
| 001 | 0635802162 | |
| 005 | 20060404095642.15 | |
| 010 | @a7-5025-1251-9@dCNY13.80 | |
| 100 | @a20060404d km y0chiy0120 ea | |
| 101 | 0 | @achi |
| 102 | @aCN@b110000 | |
| 200 | 1 | @a化验员必读@Ahua yan yuan bi du@e化学分析@h上册@f刘珍主编@Fliu zhen zhu bian |
| 205 | @a第二版 | |
| 210 | @a北京@c化学工业出版社 | |
| 215 | @a439页@d20cm | |
| 517 | 1 | @a化学分析@Ahua xue fen xi |
| 606 | 0 | @a分析化学 |
| 606 | 0 | @a分析(化学) |
| 690 | @aO652@v3 | |
| 701 | 0 | @a刘珍@Aliu zhen@4主编 |
| 801 | 0 | @aCN@bPFT@c20060404 |
| 905 | @a10447@dO652@eL233 | |
| 化验员必读:化学分析.上册/刘珍主编.-第二版.-北京:化学工业出版社 |
| 439页;20cm |
| ISBN 7-5025-1251-9:CNY13.80 |
| ● |
| 相关链接 |
|
|
|
正题名:化验员必读
索取号:O652/L233
 
预约/预借
| 序号 | 登录号 | 条形码 | 馆藏地/架位号 | 状态 | 备注 |
| 1 | 209021 | 202090218 | 自科库401/401自科库 65排6列1层/ [索取号:O652/L233] | 在馆 |